| 000 | 00386nam a2200133Ia 4500 | ||
|---|---|---|---|
| 008 | 211109s9999||||xx |||||||||||||| ||und|| | ||
| 082 |
_a894.8121 _bNAR-S |
||
| 100 | _aNarayana Panicker R, | ||
| 245 | 0 | _aSeetha Nirvasam | |
| 260 |
_bNATIONAL BOOKSTALL _aKottayam _c1900 |
||
| 630 | _xGeneral Stack | ||
| 650 |
_aMALAYALAM LITERATURE _vMALAYALAM POETRYLITERATURE _xGeneralia |
||
| 942 | _cBOOK | ||
| 999 |
_c5715 _d5715 |
||